00795cam a2200229 a 4500999001500000001000500015003000900020005001700029008004100046020001600087020001800103040003800121082001600159100002500175245008000200260004800280300002900328504005100357650003100408942001200439952011400451 c3894d38943371BD-DhUAP20200315113324.0200315s1998 bg abf b f000 0 eng  a0194343669  a9780194343664 aBD-DhUAPcBD-DhUAPdBD-DhUAPbEng a415 BLA223 aBland, Susan Kesner. aIntermediate grammar : bfrom form to meaning an use /cSusan Kesner Bland. aOxford : bOxford University press,cc1996. axii, 531 pages ;c26 cm. aIncludes bibliographical references and index. aEnglish languagevGrammar. 2ddccBK 00102ddc4070aUAPCLbUAPCLcGeneral Stacksd2020-03-15o415 BLAp3010003371r2020-03-15t1w2020-03-15yBK